[Event "Stare Mesto Slavia Kromeriz op 2nd"]
[Site "Stare Mesto"]
[Date "2024.03.28"]
[Round "1"]
[White "Karlik, Vladimir"]
[Black "Krajicek, Matej"]
[Result "1-0"]
[WhiteElo "2115"]
[BlackElo "1874"]
[PlyCount "57"]
[EventDate "2024.03.28"]
[EventType "swiss"]
[EventRounds "7"]
[EventCountry "CZE"]
[SourceTitle "CB14_2024"]
[SourceDate "2024.04.01"]
[SourceVersion "1"]
[SourceVersionDate "2024.04.01"]
[SourceQuality "1"]

1. Nf3 d5 2. g3 c6 3. Bg2 Nf6 4. 0-0 Bd7 5. d3 Qc8 6. Re1 g6 7. e4 Bg7 8. Nc3 dxe4 9. dxe4 e6 10. e5 Nd5 11. Ne4 0-0 12. c4 Nb6 13. b3 c5 14. Bg5 Bc6 15. Qd2 Bxe4 16. Rxe4 Qc7 17. Bh6 Rd8 18. Qe3 Bh8 19. Bg5 Rd7 20. Re1 Nc6 21. Qxc5 Nxe5 22. Rxe5 Bxe5 23. Qxe5 Qxe5 24. Nxe5 Rc7 25. Rd1 a5 26. Bd8 Rc5 27. Bxb6 Rxe5 28. Bxb7 Rf8 29. c5 1-0

[Event "Stare Mesto op-B"]
[Site "Stare Mesto"]
[Date "2023.08.09"]
[Round "5"]
[White "Krajicek, Matej"]
[Black "Josko, Jiri"]
[Result "1-0"]
[WhiteElo "1671"]
[BlackElo "1546"]
[PlyCount "57"]
[EventDate "2023.08.05"]
[EventType "swiss"]
[EventRounds "9"]
[EventCountry "CZE"]
[SourceTitle "EXT 2024"]
[Source "ChessBase"]
[SourceDate "2023.10.10"]
[SourceVersion "1"]
[SourceVersionDate "2023.10.10"]
[SourceQuality "1"]

1. e4 e5 2. Nf3 Nc6 3. c3 Nf6 4. d4 exd4 5. e5 Nd5 6. Qb3 Nb6 7. cxd4 d6 8. Bb5 Be6 9. Qc2 Be7 10. Bxc6+ bxc6 11. Qxc6+ Bd7 12. Qc2 c5 13. exd6 Bxd6 14. dxc5 Qe7+ 15. Be3 Rc8 16. b4 Nd5 17. a3 Be5 18. Nxe5 Qxe5 19. Ra2 Bf5 20. Qb3 Be6 21. Re2 0-0 22. Qb2 Qe4 23. 0-0 Qg6 24. Qe5 Rfe8 25. Qg3 Bg4 26. Rd2 Nf6 27. h3 Qe4 28. hxg4 Nxg4 29. Rd4 1-0

[Event "Zlin Region-chT 2223"]
[Site "Czech Republic"]
[Date "2023.02.26"]
[Round "9.6"]
[White "Krajicek, Matej"]
[Black "Shanel, Jaroslav"]
[Result "1/2-1/2"]
[WhiteElo "1667"]
[BlackElo "2056"]
[PlyCount "82"]
[EventDate "2022.10.09"]
[EventType "team-tourn"]
[EventRounds "11"]
[EventCountry "CZE"]
[SourceTitle "EXT 2024"]
[Source "ChessBase"]
[SourceDate "2023.10.10"]
[SourceVersion "1"]
[SourceVersionDate "2023.10.10"]
[SourceQuality "1"]
[WhiteTeam "Borsice"]
[BlackTeam "Stare Mesto II"]
[WhiteTeamCountry "CZE"]
[BlackTeamCountry "CZE"]

1. e4 c5 2. d4 cxd4 3. Qxd4 Nc6 4. Qe3 Nf6 5. c4 e6 6. Nc3 b6 7. Bd3 Ng4 8. Qg3 Nge5 9. Bf4 f6 10. 0-0-0 Ba6 11. b3 Ba3+ 12. Kb1 0-0 13. Nf3 Be7 14. Nxe5 fxe5 15. Bh6 Bf6 16. h4 Qe7 17. Qg4 Rac8 18. Rh3 Nd4 19. Nb5 Kh8 20. Bd2 Qc5 21. Nxd4 exd4 22. e5 Qxe5 23. Bb4 Rg8 24. f4 Qc7 25. Bxh7 g6 26. Bxg8 Rxg8 27. Bd2 Bb7 28. Re1 Kg7 29. h5 Kf7 30. hxg6+ Rxg6 31. Rh7+ Bg7 32. Qh5 Qc5 33. Qxc5 bxc5 34. Rg1 Bxg2 35. Kb2 Be4 36. Rxg6 Kxg6 37. Rh3 Bf6 38. a3 d5 39. cxd5 exd5 40. Kc1 c4 41. Bb4 c3 1/2-1/2